| 000 | 00452 a2200169 4500 | ||
|---|---|---|---|
| 999 |
_c41185 _d41185 |
||
| 003 | OSt | ||
| 005 | 20210705145112.0 | ||
| 008 | 210705b ||||| |||| 00| 0 eng d | ||
| 010 | _a9789 | ||
| 020 | _a9789384860336 | ||
| 040 | _coclc | ||
| 082 |
_a540 _bCAR/G |
||
| 245 | _a GATE Chemistry | ||
| 260 |
_bCareer Endeavour Publication , _aNew Delhi: _c2020. |
||
| 300 | _a540 pages | ||
| 942 |
_2ddc _cBK _h540 _iCAR/G _k540 _mCAR/G |
||